000 00923nam0a2200313 4500
001 RU\NLR\BIBL_A\022703090
005 20260327155110.0
010 _a978-5-0068-3375-3
021 _aRU
_bКН-П-25-072467
_9КН-П-25-7023
035 _a(NLR Aleph) 022703090
090 _a13646985
_c13646985
100 _a20260119d2025 u y0rusy50 ca
101 0 _arus
102 _aRU
105 _ay z 000gy
181 0 _ai
_baxxe
182 0 _an
200 1 _aМое последнее завтра
_fСофья К.
203 _aТекст
_bвизуальный
_cнепосредственный
210 _a[Б.м.]
_cИздательские решения
_d2025
215 _a89 с.
_d20
333 _a12+
686 2 _aШ6(2=Р)8-5
700 1 _aК.
_bС.
_gСофья
_3RU\NLR\AUTH\770291152
942 _cBOOK
980 _aNB